[Event "Auckland Morrison Memorial"]
[Site "Auckland"]
[Date "2022.10.22"]
[Round "3"]
[White "Nagorski, Alex"]
[Black "Yu, Zachary"]
[Result "0-1"]
[WhiteElo "1859"]
[BlackElo "1604"]
[PlyCount "58"]
[EventDate "2022.10.22"]
[EventType "swiss"]
[EventRounds "6"]
[EventCountry "NZL"]
[SourceTitle "EXT 2024"]
[Source "ChessBase"]
[SourceDate "2023.10.10"]
[SourceVersion "1"]
[SourceVersionDate "2023.10.10"]
[SourceQuality "1"]

1. Nf3 Nf6 2. c4 e6 3. g3 d5 4. d4 dxc4 5. Bg2 c5 6. Qa4+ Nbd7 7. 0-0 a6 8. dxc5 Bxc5 9. Qxc4 b5 10. Qc2 Bb7 11. Nc3 Rc8 12. Qb3 0-0 13. Bg5 h6 14. Bf4 Qe7 15. Ne5 Bxg2 16. Kxg2 Nxe5 17. Bxe5 Ng4 18. Bf4 Qb7+ 19. f3 e5 20. h3 exf4 21. hxg4 fxg3 22. Ne4 Qc7 23. Rfc1 Qe5 24. Nxc5 Rxc5 25. Rxc5 Qxc5 26. e3 Rd8 27. Kxg3 Qe5+ 28. f4 Qe4 29. Rf1 Rd3 0-1

[Event "Auckland Stuart Memorial op"]
[Site "Auckland"]
[Date "2022.06.26"]
[Round "5"]
[White "Ang, Alphaeus Wei Ern"]
[Black "Nagorski, Alex"]
[Result "1-0"]
[WhiteElo "2287"]
[BlackElo "1878"]
[PlyCount "57"]
[EventDate "2022.06.24"]
[EventType "swiss"]
[EventRounds "6"]
[EventCountry "NZL"]
[SourceTitle "EXT 2024"]
[Source "ChessBase"]
[SourceDate "2023.10.10"]
[SourceVersion "1"]
[SourceVersionDate "2023.10.10"]
[SourceQuality "1"]

1. d4 d5 2. c4 dxc4 3. e4 e5 4. Nf3 exd4 5. Bxc4 Nc6 6. 0-0 Be6 7. Bxe6 fxe6 8. Qb3 Qd7 9. Qxb7 Rb8 10. Qa6 Nf6 11. Nbd2 Bc5 12. a3 0-0 13. b4 Bb6 14. Bb2 Rbd8 15. Qd3 Nh5 16. g3 Qf7 17. Qc4 Qd7 18. Rfc1 Ne7 19. a4 a5 20. Ng5 Rf6 21. bxa5 Bxa5 22. Nb3 Bb6 23. a5 Ba7 24. Qxc7 h6 25. Ba3 d3 26. Bxe7 Rxf2 27. Kh1 d2 28. Qxd7 d1Q+ 29. Rxd1 1-0

[Event "Auckland Stuart Memorial op"]
[Site "Auckland"]
[Date "2022.06.26"]
[Round "6"]
[White "Nagorski, Alex"]
[Black "Duneas, John"]
[Result "0-1"]
[WhiteElo "1878"]
[BlackElo "2037"]
[PlyCount "84"]
[EventDate "2022.06.24"]
[EventType "swiss"]
[EventRounds "6"]
[EventCountry "NZL"]
[SourceTitle "EXT 2024"]
[Source "ChessBase"]
[SourceDate "2023.10.10"]
[SourceVersion "1"]
[SourceVersionDate "2023.10.10"]
[SourceQuality "1"]

1. Nf3 d5 2. d4 Nf6 3. c4 c6 4. Nc3 dxc4 5. a4 Bf5 6. e3 e6 7. Bxc4 Bb4 8. 0-0 0-0 9. Nh4 Bg4 10. f3 Bh5 11. g4 Bg6 12. Nxg6 hxg6 13. e4 c5 14. Be3 cxd4 15. Bxd4 Nc6 16. Be3 Qa5 17. Qe2 Rfd8 18. Nb5 a6 19. Qf2 axb5 20. Bb6 Rd2 21. Bxa5 Rxf2 22. Kxf2 Bc5+ 23. Kg2 bxc4 24. Bc3 Nd4 25. Rad1 Nc2 26. Bd2 Rxa4 27. Rc1 Ne3+ 28. Bxe3 Bxe3 29. Rc2 g5 30. Rd1 e5 31. Rd8+ Kh7 32. Rb8 Rb4 33. Ra8 Bd4 34. Ra2 Nd7 35. Kf1 Nc5 36. Ra5 f6 37. Ke2 Nd3 38. Kd2 Nxb2 39. Ra2 Nd3 40. Rxc4 Rxc4 41. Kxd3 Rc3+ 42. Ke2 Rb3 0-1

[Event "Auckland Stuart Memorial op"]
[Site "Auckland"]
[Date "2022.06.24"]
[Round "2"]
[White "Nagorski, Alex"]
[Black "Zhu, David Junyang"]
[Result "1-0"]
[WhiteElo "1878"]
[BlackElo "1548"]
[PlyCount "43"]
[EventDate "2022.06.24"]
[EventType "swiss"]
[EventRounds "6"]
[EventCountry "NZL"]
[SourceTitle "EXT 2024"]
[Source "ChessBase"]
[SourceDate "2023.10.10"]
[SourceVersion "1"]
[SourceVersionDate "2023.10.10"]
[SourceQuality "1"]

1. Nf3 Nf6 2. c4 g6 3. Nc3 Bg7 4. e4 d6 5. d4 0-0 6. Be2 Nbd7 7. 0-0 e5 8. Re1 Qe7 9. Bg5 c6 10. Qd2 a5 11. Bf1 Re8 12. b3 Qf8 13. h3 h6 14. Be3 Nh7 15. dxe5 Nxe5 16. Nd4 Nf6 17. Rad1 Be6 18. f4 Ned7 19. f5 c5 20. fxe6 cxd4 21. exd7 dxe3 22. dxe8Q 1-0

[Event "Auckland Morrison Memorial"]
[Site "Auckland"]
[Date "2020.10.26"]
[Round "6"]
[White "Nagorski, Alex"]
[Black "Ha, Huy Minh"]
[Result "1/2-1/2"]
[WhiteElo "1836"]
[BlackElo "1702"]
[PlyCount "113"]
[EventDate "2020.10.24"]
[EventType "swiss"]
[EventRounds "6"]
[EventCountry "NZL"]
[SourceTitle "EXT 2024"]
[Source "ChessBase"]
[SourceDate "2023.10.10"]
[SourceVersion "1"]
[SourceVersionDate "2023.10.10"]
[SourceQuality "1"]

1. Nf3 d5 2. d4 Nf6 3. c4 e6 4. g3 Be7 5. Bg2 0-0 6. 0-0 c6 7. b3 Nbd7 8. Nc3 a6 9. c5 Ne4 10. Bb2 Nxc3 11. Bxc3 f5 12. b4 Qe8 13. e3 Bf6 14. a4 e5 15. dxe5 Nxe5 16. Bxe5 Bxe5 17. Rb1 Bf6 18. Nd4 Bd7 19. b5 Bxd4 20. Qxd4 axb5 21. axb5 Qe7 22. bxc6 bxc6 23. Rb7 Qe6 24. Rfb1 Rfc8 25. h4 Rd8 26. Rc7 Rdc8 27. Rbb7 Rxc7 28. Rxc7 Rc8 29. Rb7 Rd8 30. Bf3 Kf8 31. Kf1 Rc8 32. e4 fxe4 33. Bxe4 Re8 34. Bf3 Qe7 35. Kg1 Qe1+ 36. Kh2 Qe6 37. Kg1 Qe1+ 38. Kh2 Qe6 39. g4 h5 40. Kg3 Kg8 41. Rb3 hxg4 42. Bxg4 Qxg4+ 43. Qxg4 Bxg4 44. Kxg4 Re4+ 45. f4 Rc4 46. Rb7 Rxc5 47. f5 Rc1 48. Rd7 Kf8 49. h5 Rg1+ 50. Kf4 Kg8 51. Rc7 Rc1 52. Rd7 Kh7 53. Rd6 Rc4+ 54. Kg5 Rc1 55. Kf4 Rc4+ 56. Kg5 Rc1 57. Kf4 1/2-1/2

[Event "George Trundle Reserves"]
[Site "Auckland"]
[Date "2020.01.10"]
[Round "7"]
[White "Nagorski, Alex"]
[Black "Cooper, Nigel"]
[Result "1-0"]
[WhiteElo "1874"]
[BlackElo "1595"]
[PlyCount "85"]
[EventDate "2020.01.04"]
[EventType "tourn"]
[EventRounds "9"]
[EventCountry "NZL"]
[SourceTitle "EXT 2021"]
[Source "ChessBase"]
[SourceDate "2020.10.23"]
[SourceVersion "1"]
[SourceVersionDate "2020.10.23"]
[SourceQuality "1"]

1. e4 e5 2. Nf3 Nc6 3. Bb5 Nf6 4. d3 Bc5 5. 0-0 d6 6. h3 h6 7. c3 a6 8. Ba4 b5 9. Bc2 0-0 10. Re1 Re8 11. Nbd2 Bb7 12. Nf1 Ne7 13. Ng3 Ng6 14. Nf5 d5 15. Qe2 Nf4 16. Qf1 dxe4 17. dxe4 Kh7 18. g3 Ng6 19. b4 Bd6 20. c4 Ne7 21. Nxe7 Bxb4 22. Nd5 Bxe1 23. Qxe1 Kg8 24. Bb2 bxc4 25. Nxf6+ Qxf6 26. Qc3 Qe6 27. Kg2 f6 28. Nd2 f5 29. f3 fxe4 30. fxe4 Rad8 31. Nf3 Bc8 32. g4 h5 33. Ng5 Qc6 34. gxh5 Rd4 35. Rf1 Be6 36. Rf2 Red8 37. Qg3 Rd2 38. Qxe5 Rxf2+ 39. Kxf2 Rd2+ 40. Ke1 Qd7 41. Ba4 Rxb2 42. Qxb2 Qd8 43. Qxg7+ 1-0

[Event "George Trundle Reserves"]
[Site "Auckland"]
[Date "2020.01.09"]
[Round "6"]
[White "Lim, Benjamin U"]
[Black "Nagorski, Alex"]
[Result "1/2-1/2"]
[WhiteElo "1898"]
[BlackElo "1874"]
[PlyCount "145"]
[EventDate "2020.01.04"]
[EventType "tourn"]
[EventRounds "9"]
[EventCountry "NZL"]
[SourceTitle "EXT 2021"]
[Source "ChessBase"]
[SourceDate "2020.10.23"]
[SourceVersion "1"]
[SourceVersionDate "2020.10.23"]
[SourceQuality "1"]

1. e4 e5 2. Nf3 Nc6 3. Bb5 a6 4. Ba4 Nf6 5. 0-0 b5 6. Bb3 Nxe4 7. d4 d5 8. dxe5 Be6 9. Qe2 Nc5 10. Rd1 Nxb3 11. axb3 Be7 12. c4 b4 13. cxd5 Bxd5 14. Rxa6 Rxa6 15. Qxa6 0-0 16. Qb5 Bc4 17. Rxd8 Bxb5 18. Rxf8+ Kxf8 19. Be3 Bd3 20. Nbd2 Na5 21. Ne1 Be2 22. f4 Bd1 23. Nd3 Bxb3 24. Bc5 Bxc5+ 25. Nxc5 Bc4 26. Kf2 Ke7 27. Ke3 Bd5 28. g3 Nc4+ 29. Nxc4 Bxc4 30. Kd4 Be2 31. Ne4 h6 32. Kc5 b3 33. Nc3 Bd3 34. Nd5+ Kd7 35. Ne3 Ke6 36. Kc6 g5 37. Kxc7 f6 38. exf6 Kxf6 39. fxg5+ Kxg5 40. Kd6 h5 41. h4+ Kf6 42. Kd5 Bf5 43. Kd4 Be6 44. Ke4 Bf7 45. Kf4 Ke6 46. Ke4 Bg6+ 47. Kd4 Bf7 48. g4 hxg4 49. Nxg4 Bh5 50. Ne3 Bf7 51. Nc4 Bh5 52. Kc3 Kf5 53. Kxb3 Kg4 54. Kb4 Kxh4 55. Kc5 Be8 56. Ne5 Ba4 57. b4 Kg5 58. Kd6 Kf5 59. Nd7 Bb5 60. Nc5 Kf4 61. Kd5 Ke3 62. Ne6 Kd2 63. Kc5 Bf1 64. Kd4 Kc2 65. Nc5 Bb5 66. Nb7 Kb3 67. Kc5 Ka4 68. Nd6 Ba6 69. Nc4 Kb3 70. Nd2+ Kc3 71. Nf3 Kb3 72. Nd4+ Ka4 73. Nc2 1/2-1/2

[Event "George Trundle Reserves"]
[Site "Auckland"]
[Date "2020.01.07"]
[Round "4"]
[White "Gibbons, Robert"]
[Black "Nagorski, Alex"]
[Result "1/2-1/2"]
[WhiteElo "1866"]
[BlackElo "1874"]
[PlyCount "36"]
[EventDate "2020.01.04"]
[EventType "tourn"]
[EventRounds "9"]
[EventCountry "NZL"]
[SourceTitle "EXT 2021"]
[Source "ChessBase"]
[SourceDate "2020.10.23"]
[SourceVersion "1"]
[SourceVersionDate "2020.10.23"]
[SourceQuality "1"]

1. e4 e5 2. Nf3 Nc6 3. Bc4 Bc5 4. 0-0 Nf6 5. d3 h6 6. c3 d6 7. b4 Bb6 8. h3 0-0 9. Be3 Re8 10. a4 Be6 11. Nbd2 Bxc4 12. Nxc4 d5 13. Nxb6 axb6 14. exd5 Qxd5 15. Qc2 e4 16. dxe4 Qxe4 17. Rfc1 Rad8 18. Qxe4 Nxe4 1/2-1/2

[Event "George Trundle Reserves"]
[Site "Auckland"]
[Date "2020.01.06"]
[Round "3"]
[White "Ha, Huy Minh"]
[Black "Nagorski, Alex"]
[Result "0-1"]
[WhiteElo "1675"]
[BlackElo "1874"]
[PlyCount "62"]
[EventDate "2020.01.04"]
[EventType "tourn"]
[EventRounds "9"]
[EventCountry "NZL"]
[SourceTitle "EXT 2021"]
[Source "ChessBase"]
[SourceDate "2020.10.23"]
[SourceVersion "1"]
[SourceVersionDate "2020.10.23"]
[SourceQuality "1"]

1. e4 c5 2. Nc3 Nc6 3. Bb5 Nd4 4. Bc4 g6 5. Nf3 Bg7 6. Nxd4 cxd4 7. Qf3 d5 8. Nxd5 e6 9. Nf4 Ne7 10. 0-0 0-0 11. d3 Nc6 12. Bb3 Na5 13. Qd1 Nxb3 14. axb3 Bd7 15. Ne2 f5 16. f4 fxe4 17. dxe4 Bb5 18. Rf3 Qb6 19. Kh1 Rad8 20. Qe1 d3 21. Be3 Qc6 22. cxd3 Bxb2 23. Rb1 Qc2 24. Qd1 Qxd1+ 25. Rxd1 Bxd3 26. Ng1 Bxe4 27. Rxd8 Rxd8 28. Rf2 Rd3 29. Bxa7 Rxb3 30. h4 h5 31. Nh3 Rxh3+ 0-1

[Event "Auckland Stuart Memorial op"]
[Site "Auckland"]
[Date "2019.08.25"]
[Round "4"]
[White "Duneas, John"]
[Black "Nagorski, Alex"]
[Result "1-0"]
[WhiteElo "2151"]
[BlackElo "1858"]
[PlyCount "53"]
[EventDate "2019.08.24"]
[EventType "swiss"]
[EventRounds "5"]
[EventCountry "NZL"]
[SourceTitle "EXT 2023"]
[Source "ChessBase"]
[SourceDate "2022.10.05"]
[SourceVersion "1"]
[SourceVersionDate "2022.10.05"]
[SourceQuality "1"]

1. d4 d5 2. c4 dxc4 3. Nf3 Nf6 4. e3 e6 5. Bxc4 c5 6. 0-0 a6 7. a4 Nc6 8. Nc3 cxd4 9. exd4 Be7 10. Bg5 Nb4 11. Re1 0-0 12. Qe2 Bd7 13. Rad1 Nbd5 14. Nxd5 Nxd5 15. Bxd5 Bxg5 16. Bxb7 Bxa4 17. Bxa8 Be7 18. Be4 Bb4 19. Ra1 Bb5 20. Bd3 Bxd3 21. Qxd3 Bxe1 22. Rxe1 Qb6 23. b3 Rb8 24. Rc1 h6 25. Rc3 Rd8 26. h3 Rd5 27. Rc8+ 1-0

[Event "Auckland Stuart Memorial op"]
[Site "Auckland"]
[Date "2019.08.25"]
[Round "5"]
[White "Nagorski, Alex"]
[Black "Hair, Philip I"]
[Result "1-0"]
[WhiteElo "1858"]
[BlackElo "1853"]
[PlyCount "91"]
[EventDate "2019.08.24"]
[EventType "swiss"]
[EventRounds "5"]
[EventCountry "NZL"]
[SourceTitle "EXT 2023"]
[Source "ChessBase"]
[SourceDate "2022.10.05"]
[SourceVersion "1"]
[SourceVersionDate "2022.10.05"]
[SourceQuality "1"]

1. Nf3 Nc6 2. d4 d5 3. Bf4 Bg4 4. e3 e6 5. c4 Nf6 6. Nc3 Bb4 7. Be2 Ne4 8. Rc1 g5 9. Bg3 h5 10. h3 Bxc3+ 11. bxc3 Nxg3 12. fxg3 Bf5 13. Nd2 Qd6 14. Nf1 dxc4 15. Bxc4 Be4 16. Qe2 0-0-0 17. Kf2 f5 18. Nd2 Bd5 19. Bxd5 exd5 20. Rhe1 h4 21. g4 Rhf8 22. Kg1 Kb8 23. gxf5 Rxf5 24. e4 dxe4 25. Qxe4 Rf4 26. Qe6 Qxe6 27. Rxe6 g4 28. Rf1 Rxf1+ 29. Kxf1 Rf8+ 30. Ke2 gxh3 31. gxh3 Kc8 32. Rh6 Rg8 33. Rxh4 Rg3 34. Ne4 Rg2+ 35. Kd3 Rxa2 36. Nc5 Kd8 37. Nxb7+ Ke8 38. Rh7 Ne7 39. Kc4 Rb2 40. Nc5 Rb6 41. d5 Rf6 42. Rh8+ Kf7 43. Ne6 c6 44. Rf8+ Kg6 45. Rxf6+ Kxf6 46. d6 1-0

[Event "Henderson Trusts op 42nd"]
[Site "Henderson"]
[Date "2019.06.03"]
[Round "5"]
[White "Nagorski, Alex"]
[Black "He, Caleb"]
[Result "1-0"]
[WhiteElo "1832"]
[BlackElo "1606"]
[PlyCount "87"]
[EventDate "2019.06.01"]
[EventType "swiss"]
[EventRounds "6"]
[EventCountry "NZL"]
[SourceTitle "EXT 2020"]
[Source "ChessBase"]
[SourceDate "2019.10.17"]
[SourceVersion "1"]
[SourceVersionDate "2019.10.17"]
[SourceQuality "1"]

1. Nf3 Nf6 2. c4 g6 3. Nc3 Bg7 4. e4 d6 5. d4 0-0 6. Be2 e5 7. 0-0 Nc6 8. d5 Ne7 9. Ne1 c5 10. Nd3 Ne8 11. f4 exf4 12. Bxf4 f6 13. h4 h6 14. Bg3 g5 15. h5 f5 16. e5 f4 17. Bf2 dxe5 18. Nxc5 Nd6 19. N5e4 b6 20. b4 Nxe4 21. Nxe4 Bf5 22. Nc3 e4 23. Bd4 Bxd4+ 24. Qxd4 Nc6 25. Qd2 Nxb4 26. Nxe4 Bxe4 27. Qxb4 Bf5 28. Rae1 Qd7 29. Bf3 Rae8 30. d6 Kh7 31. Re7+ Rxe7 32. dxe7 Re8 33. Re1 Be6 34. Be4+ Kg8 35. Bd5 Bxd5 36. cxd5 Qxd5 37. Qa4 Rxe7 38. Rd1 Qf7 39. Rd8+ Kg7 40. Qd4+ Qf6 41. Rg8+ Kxg8 42. Qxf6 Re1+ 43. Kf2 Rb1 44. Qg6+ 1-0

[Event "Henderson Trusts op 42nd"]
[Site "Henderson"]
[Date "2019.06.02"]
[Round "4"]
[White "Garbett, Paul Anthony"]
[Black "Nagorski, Alex"]
[Result "1-0"]
[WhiteElo "2222"]
[BlackElo "1832"]
[PlyCount "47"]
[EventDate "2019.06.01"]
[EventType "swiss"]
[EventRounds "6"]
[EventCountry "NZL"]
[SourceTitle "EXT 2020"]
[Source "ChessBase"]
[SourceDate "2019.10.17"]
[SourceVersion "1"]
[SourceVersionDate "2019.10.17"]
[SourceQuality "1"]

1. e4 e6 2. d4 d5 3. Nd2 dxe4 4. Nxe4 Nd7 5. Nf3 Ngf6 6. Nxf6+ Nxf6 7. g3 c5 8. Bg2 Qc7 9. 0-0 b6 10. Bf4 Bd6 11. Bxd6 Qxd6 12. Ne5 Rb8 13. Nc6 Bb7 14. Nxb8 Bxg2 15. Kxg2 cxd4 16. Na6 b5 17. Qf3 Nd5 18. Qa3 b4 19. Qa4+ Ke7 20. Qb5 Rc8 21. Qb7+ Kf6 22. Qxc8 Nf4+ 23. gxf4 Qxf4 24. Qc6 1-0

[Event "North Island-ch"]
[Site "Wellington"]
[Date "2019.04.22"]
[Round "8"]
[White "Nagorski, Alex"]
[Black "Nijman, Brian"]
[Result "1-0"]
[WhiteElo "1797"]
[BlackElo "1963"]
[PlyCount "63"]
[EventDate "2019.04.19"]
[EventType "swiss"]
[EventRounds "8"]
[EventCountry "NZL"]
[SourceTitle "EXT 2020"]
[Source "ChessBase"]
[SourceDate "2019.10.17"]
[SourceVersion "1"]
[SourceVersionDate "2019.10.17"]
[SourceQuality "1"]

1. Nf3 e6 2. c4 f5 3. g3 Nf6 4. Bg2 Be7 5. 0-0 0-0 6. Nc3 c6 7. b3 d6 8. d4 Ne4 9. Bb2 Nxc3 10. Bxc3 Bf6 11. Qc2 Qe7 12. e4 fxe4 13. Qxe4 Na6 14. Rae1 Bd7 15. Bh3 Rae8 16. Re3 Qf7 17. Rfe1 c5 18. Qxb7 cxd4 19. Nxd4 Nc5 20. Qg2 Bc8 21. f4 Bb7 22. Qe2 e5 23. Nb5 Rd8 24. Nxd6 Rxd6 25. fxe5 Bxe5 26. Bxe5 Rh6 27. Rf1 Qg6 28. Rxf8+ Kxf8 29. Qf1+ Kg8 30. Bd6 Qf6 31. Re8+ Qf8 32. Rxf8# 1-0

[Event "North Island-ch"]
[Site "Wellington"]
[Date "2019.04.20"]
[Round "4"]
[White "Nagorski, Alex"]
[Black "Ha, Huy Minh"]
[Result "1-0"]
[WhiteElo "1797"]
[BlackElo "1653"]
[PlyCount "73"]
[EventDate "2019.04.19"]
[EventType "swiss"]
[EventRounds "8"]
[EventCountry "NZL"]
[SourceTitle "EXT 2020"]
[Source "ChessBase"]
[SourceDate "2019.10.17"]
[SourceVersion "1"]
[SourceVersionDate "2019.10.17"]
[SourceQuality "1"]

1. Nf3 Nf6 2. c4 g6 3. Nc3 Bg7 4. e4 d6 5. d4 0-0 6. Be2 c6 7. 0-0 Qc7 8. Re1 e5 9. Rb1 a6 10. a4 Ne8 11. dxe5 dxe5 12. Be3 Nd7 13. c5 Ndf6 14. Nd2 Be6 15. Qc2 Ng4 16. Bc4 Nxe3 17. fxe3 Qe7 18. Qb3 Bxc4 19. Qxc4 Rd8 20. Rbd1 Nc7 21. b4 Rd7 22. Qb3 Rfd8 23. Nc4 Rxd1 24. Rxd1 Rxd1+ 25. Qxd1 Ne8 26. Qd3 Bf6 27. Ne2 Nc7 28. Nc1 Ne6 29. Nb3 Nd8 30. Nba5 Bg7 31. Qd6 Qxd6 32. Nxd6 Bf8 33. Ndxb7 Nxb7 34. Nxb7 Be7 35. Na5 Bd8 36. Nxc6 Bc7 37. b5 1-0

[Event "North Island-ch"]
[Site "Wellington"]
[Date "2019.04.20"]
[Round "3"]
[White "Steadman, Michael VR"]
[Black "Nagorski, Alex"]
[Result "1-0"]
[WhiteElo "2258"]
[BlackElo "1797"]
[PlyCount "61"]
[EventDate "2019.04.19"]
[EventType "swiss"]
[EventRounds "8"]
[EventCountry "NZL"]
[SourceTitle "EXT 2020"]
[Source "ChessBase"]
[SourceDate "2019.10.17"]
[SourceVersion "1"]
[SourceVersionDate "2019.10.17"]
[SourceQuality "1"]

1. e4 e5 2. Nf3 Nc6 3. d3 Bc5 4. c3 d5 5. Nbd2 a5 6. Be2 Nf6 7. h3 Be6 8. Qc2 0-0 9. Nf1 Re8 10. Bg5 h6 11. Bd2 Bf8 12. g4 Nh7 13. Qc1 f6 14. Ng3 Ne7 15. Nh4 Ng5 16. Nhf5 Nf7 17. h4 Ng6 18. Nh5 dxe4 19. dxe4 Nf4 20. Bxf4 exf4 21. Qxf4 Bxf5 22. gxf5 Qd6 23. Qxd6 Nxd6 24. f3 Re5 25. Rg1 Kh7 26. Nf4 Rae8 27. Ne6 c6 28. Rd1 Kg8 29. Nxf8 Nxf5 30. Nd7 Ne7 31. Nxf6+ 1-0

[Event "Auckland North Shore op 45th"]
[Site "Auckland"]
[Date "2018.08.26"]
[Round "4"]
[White "Nagorski, Alex"]
[Black "Mistry, Prashant"]
[Result "1/2-1/2"]
[WhiteElo "1819"]
[BlackElo "1929"]
[PlyCount "161"]
[EventDate "2018.08.25"]
[EventType "swiss"]
[EventRounds "5"]
[EventCountry "NZL"]
[SourceTitle "EXT 2021"]
[Source "ChessBase"]
[SourceDate "2020.10.23"]
[SourceVersion "1"]
[SourceVersionDate "2020.10.23"]
[SourceQuality "1"]

1. c4 c5 2. Nc3 Nc6 3. g3 e6 4. Nf3 Nge7 5. d4 cxd4 6. Nxd4 Nxd4 7. Qxd4 Nc6 8. Qd2 Bc5 9. a3 0-0 10. Bg2 Nd4 11. Rb1 Nb3 12. Qc2 Nxc1 13. Rxc1 Rb8 14. b4 Be7 15. 0-0 a5 16. c5 b6 17. bxa5 bxc5 18. Na4 Qxa5 19. Nxc5 Qxa3 20. Rfd1 Rb2 21. Qc3 Bxc5 22. Qxc5 Qxc5 23. Rxc5 Rxe2 24. Rdc1 Ba6 25. Ra1 Bd3 26. Rd1 Rc2 27. Rxc2 Bxc2 28. Rxd7 g6 29. h4 Rb8 30. Bf3 Rb3 31. Kg2 h5 32. Rd4 Bf5 33. Ra4 Kg7 34. Rf4 Kf6 35. Rc4 Ke5 36. Rc7 f6 37. Rc4 Bd3 38. Ra4 Bb5 39. Re4+ Kd6 40. Rd4+ Ke7 41. Rd1 f5 42. Re1 Kf6 43. Re3 Rxe3 44. fxe3 Ke5 45. Kf2 Bd3 46. Bc6 Be4 47. Be8 Kf6 48. Bb5 Bd5 49. Be8 e5 50. Bb5 e4 51. Be8 Bg8 52. Bb5 Bf7 53. Bc6 Ke5 54. Ba4 Kd6 55. Bb5 Kc5 56. Ba6 Bc4 57. Bb7 Kd6 58. Ke1 Ke5 59. Bc6 Bf7 60. Kf2 Kf6 61. Bb5 g5 62. hxg5+ Kxg5 63. Bd7 Bg6 64. Bc8 Kf6 65. Bb7 Ke5 66. Ba6 Kd6 67. Bb5 Kc5 68. Ba6 Kb4 69. Ke2 Kc3 70. Kf2 Kd2 71. Bb5 f4 72. gxf4 Bf5 73. Bf1 h4 74. Bg2 h3 75. Bxe4 Bxe4 76. Kg3 Bf5 77. e4 Bg4 78. f5 Ke3 79. f6 Be6 80. f7 Bxf7 81. Kxh3 1/2-1/2

[Event "George Trundle Qualifiers"]
[Site "Auckland"]
[Date "2018.07.14"]
[Round "8"]
[White "Nagorski, Alex"]
[Black "Punsalan, Vyanla M"]
[Result "0-1"]
[WhiteElo "1860"]
[BlackElo "1892"]
[PlyCount "70"]
[EventDate "2018.07.07"]
[EventType "tourn"]
[EventRounds "9"]
[EventCountry "NZL"]
[SourceTitle "EXT 2019"]
[Source "ChessBase"]
[SourceDate "2018.10.10"]
[SourceVersion "1"]
[SourceVersionDate "2018.10.10"]
[SourceQuality "1"]

1. e4 c5 2. d4 cxd4 3. c3 Nc6 4. cxd4 d5 5. e5 Bf5 6. g4 Bg6 7. h4 h5 8. g5 e6 9. Bd3 Nge7 10. Bxg6 Nxg6 11. Ne2 Qb6 12. Qb3 Bb4+ 13. Bd2 Nxd4 14. Nxd4 Bxd2+ 15. Nxd2 Qxd4 16. Qb5+ Kf8 17. Nf3 Qe4+ 18. Qe2 Rc8 19. Qxe4 dxe4 20. Nd2 Nxe5 21. Ke2 Ke7 22. Rhc1 Nd3 23. Rc4 Rxc4 24. Nxc4 Rc8 25. b3 b5 26. Ne3 Rc1 27. Rxc1 Nxc1+ 28. Kd2 Nxa2 29. Nc2 Kd6 30. Ne3 Kc5 31. Ng2 g6 32. Ke3 Nc3 33. Kf4 Kd4 34. Kg3 Ne2+ 35. Kh2 a5 0-1

[Event "George Trundle Qualifiers"]
[Site "Auckland"]
[Date "2018.07.13"]
[Round "7"]
[White "Morrell, Gordon"]
[Black "Nagorski, Alex"]
[Result "1-0"]
[WhiteElo "2044"]
[BlackElo "1860"]
[PlyCount "57"]
[EventDate "2018.07.07"]
[EventType "tourn"]
[EventRounds "9"]
[EventCountry "NZL"]
[SourceTitle "EXT 2019"]
[Source "ChessBase"]
[SourceDate "2018.10.10"]
[SourceVersion "1"]
[SourceVersionDate "2018.10.10"]
[SourceQuality "1"]

1. c4 e6 2. Nf3 Nf6 3. b3 b6 4. Bb2 Bb7 5. e3 Be7 6. d4 0-0 7. Be2 c5 8. 0-0 cxd4 9. Nxd4 Nc6 10. Nc3 d5 11. Nxc6 Bxc6 12. Bf3 Ne4 13. Qc2 Nxc3 14. Bxc3 Rc8 15. Qb2 d4 16. Bxd4 Bxf3 17. gxf3 Bd6 18. f4 Qh4 19. Qe2 f6 20. Rad1 Bb8 21. f3 e5 22. Bb2 exf4 23. e4 f5 24. Rd7 Rc7 25. Rfd1 fxe4 26. Qxe4 Qg5+ 27. Kh1 Rxd7 28. Rxd7 Rd8 29. Qe6+ 1-0

[Event "George Trundle Reserves"]
[Site "Auckland"]
[Date "2017.10.07"]
[Round "8"]
[White "Nagorski, Alex"]
[Black "Wang, Aaron Ziwen"]
[Result "1-0"]
[WhiteElo "1843"]
[BlackElo "1530"]
[PlyCount "87"]
[EventDate "2017.09.30"]
[EventType "tourn"]
[EventRounds "9"]
[EventCountry "NZL"]
[SourceTitle "CBM 181 Extra"]
[Source "ChessBase"]
[SourceDate "2017.12.12"]
[SourceVersion "1"]
[SourceVersionDate "2017.12.12"]
[SourceQuality "1"]

1. e4 c5 2. Nf3 d6 3. d4 cxd4 4. Nxd4 Nf6 5. Nc3 a6 6. Bg5 e6 7. f4 Be7 8. Qf3 Qc7 9. 0-0-0 Nbd7 10. g4 b5 11. Bxf6 Nxf6 12. g5 Nd7 13. f5 Bxg5+ 14. Kb1 Ne5 15. Qh5 Qe7 16. Nxe6 Bxe6 17. fxe6 g6 18. exf7+ Kxf7 19. Qe2 Kg7 20. Nd5 Qa7 21. h4 Bh6 22. h5 Rhf8 23. hxg6 hxg6 24. Qh2 Rh8 25. Be2 Be3 26. Qg3 Rxh1 27. Rxh1 Bd2 28. Qh4 Qf7 29. Qh7+ Kf8 30. Qh8+ Qg8 31. Qf6+ Nf7 32. Ne7 Qg7 33. Nxg6+ Kg8 34. Ne7+ Kf8 35. Rh8+ Qxh8 36. Ng6+ Kg8 37. Nxh8 Nxh8 38. Qxd6 Nf7 39. Qxd2 Rd8 40. Qe3 Kf8 41. c4 bxc4 42. Bxc4 a5 43. Bxf7 Kxf7 44. Qf4+ 1-0

[Event "George Trundle Reserves"]
[Site "Auckland"]
[Date "2017.10.03"]
[Round "4"]
[White "Nagorski, Alex"]
[Black "Braganza, Nadia"]
[Result "1/2-1/2"]
[WhiteElo "1843"]
[BlackElo "1517"]
[PlyCount "66"]
[EventDate "2017.09.30"]
[EventType "tourn"]
[EventRounds "9"]
[EventCountry "NZL"]
[SourceTitle "CBM 181 Extra"]
[Source "ChessBase"]
[SourceDate "2017.12.12"]
[SourceVersion "1"]
[SourceVersionDate "2017.12.12"]
[SourceQuality "1"]

1. d4 Nf6 2. c4 g6 3. Nc3 Bg7 4. e4 d6 5. Be2 0-0 6. Bg5 h6 7. Be3 Nc6 8. h3 e5 9. d5 Ne7 10. Nf3 a5 11. Qd2 Kh7 12. g4 Nfg8 13. g5 f5 14. gxf6 Nxf6 15. Nh4 Neg8 16. Ng2 Qe7 17. 0-0-0 a4 18. h4 a3 19. b3 Bg4 20. Bxg4 Nxg4 21. h5 g5 22. Rdf1 Qd7 23. Ne2 b5 24. c5 Nxe3 25. Qxe3 c6 26. Nc3 dxc5 27. dxc6 Qxc6 28. Rd1 Ne7 29. Nd5 Nxd5 30. Rxd5 Rad8 31. Rxc5 Qb6 32. Rc2 Qd4 33. Kb1 Qxe3 1/2-1/2

[Event "Auckland North Shore op 44th"]
[Site "Auckland"]
[Date "2017.08.27"]
[Round "5"]
[White "Nagorski, Alex"]
[Black "Krstev, Antonio"]
[Result "0-1"]
[WhiteElo "1859"]
[BlackElo "2034"]
[PlyCount "72"]
[EventDate "2017.08.26"]
[EventType "swiss"]
[EventRounds "5"]
[EventCountry "NZL"]
[SourceTitle "CBM 180 Extra"]
[Source "ChessBase"]
[SourceDate "2017.10.06"]
[SourceVersion "1"]
[SourceVersionDate "2017.10.06"]
[SourceQuality "1"]

1. Nf3 d5 2. c4 c6 3. d4 Nf6 4. Nc3 g6 5. cxd5 cxd5 6. Bf4 Bg7 7. e3 0-0 8. h3 a6 9. Bd3 Bd7 10. 0-0 Bc6 11. Ne5 Nh5 12. Nxc6 Nxc6 13. Bh2 e6 14. Rc1 Qe7 15. a3 f5 16. b4 f4 17. b5 axb5 18. Nxb5 f3 19. Bd6 Qg5 20. g3 Rad8 21. Kh2 e5 22. Rc5 Nf6 23. dxe5 Nxe5 24. Bxe5 Ng4+ 25. Kg1 Bxe5 26. Nd4 Bxd4 27. exd4 Qh5 28. h4 Nf6 29. Re1 Rde8 30. Bb5 Re4 31. Rxe4 Nxe4 32. Rc1 g5 33. Qf1 Qg4 34. Rc7 Nxg3 35. Bd7 Nf5+ 36. Kh2 Qf4+ 0-1